00301nam a2200121Ia 4500008004100000041000800041082001200049100002100061245002600082250001400108260002800122520002900150240719s9999 xx 000 0 und d aeng a657 JIA aJiambalvo, James aManagerial Accounting a(7th Ed.) aNew Delhi bWileyc2022 aGifted By : IMT Faculty